Statistics for Top 100 NFL Players in 2017

Click here to take the quiz!

General Stats

  • This quiz has been taken 717 times
  • The average score is 67 of 100

Answer Stats

#PlayerTeamPosition% Correct
1Tom BradyPatriotsQB
100%
2Aaron RodgersPackersQB
99%
5Antonio BrownSteelersWR
97%
6Julio JonesFalconsWR
97%
3Aaron DonaldRamsDT
96%
64Chandler JonesCardinalsOLB
95%
11Rob GronkowskiPatriotsTE
95%
4Von MillerBroncosOLB
95%
10J.J. WattTexansDE
94%
9Odell Beckham, Jr.GiantsWR
93%
8Le'Veon BellSteelersRB
92%
23Matt RyanFalconsQB
91%
31Alex MackFalconsC
89%
18Earl ThomasSeahawksFS
89%
16Joe ThomasBrownsOT
89%
7Khalil MackRaidersDE
89%
91Michael ThomasSaintsWR
89%
21Travis KelceChiefsTE
89%
22A.J. GreenBengalsWR
88%
25Richard ShermanSeahawksCB
88%
30Drew BreesSaintsQB
87%
28Marcus PetersChiefsCB
87%
14Patrick PetersonCardinalsCB
87%
13David JohnsonCardinalsRB
85%
12Luke KuechlyPanthersMLB
85%
47Russell WilsonSeahawksQB
82%
32Bobby WagnerSeahawksMLB
81%
60Harrison SmithVikingsFS
81%
19Tyron SmithCowboysOT
81%
39Ben RoethlisbergerSteelersQB
79%
27Joey BosaChargersDE
79%
49Mike EvansBuccaneersWR
79%
76Philip RiversChargersQB
78%
77Dak PrescottCowboysQB
77%
17Eric BerryChiefsSS
77%
20Ezekiel ElliottCowboysRB
77%
75Matthew StaffordLionsQB
77%
34Gerald McCoyBucaneersDT
76%
52LeSean McCoyBillsRB
76%
15Zack MartinCowboysOG
76%
42Amari CooperRaidersWR
75%
96Cam NewtonPanthersQB
75%
70Derek CarrRaidersQB
75%
80DeAndre HopkinsTexansWR
74%
40Kam ChancellorSeahawksSS
73%
26Ndamukong SuhDolphinsDT
73%
90Andrew LuckColtsQB
72%
71Greg OlsenPanthersTE
72%
43Jadeveon ClowneyTexansDE
72%
62Dez BryantCowboysWR
71%
35Aqib TalibBroncosCB
70%
67Jordy NelsonPackersWR
70%
88T.Y. HiltonColtsWR
70%
66Devonta FreemanFalconsRB
69%
33Chris Harris, Jr.BroncosCB
68%
87Jalen RamseyJaguarsCB
68%
51Leonard WilliamsJetsDE
68%
38Trent WilliamsRedskinsOT
68%
53Brandon WilliamsRavensNT
67%
44Josh NormanRedskinsCB
67%
57Fletcher CoxEaglesDT
65%
41Geno AtkinsBengalsDT
64%
29Landon CollinsGiantsSS
61%
55Devin McCourtyPatriotsFS
59%
69Stephon GilmorePatriotsCB
58%
94Jarvis LandryDolphinsWR
57%
36Marshal YandaRavensOG
56%
54Dont'a HightowerPatriotsMLB
55%
24Travis FrederickCowboysC
55%
86Calais CampbellJaguarsDE
54%
82Xavier RhodesVikingsCB
53%
72Maurkice PounceySteelersC
52%
92Jordan HowardBearsRB
51%
50Michael BennettSeahawksDE
51%
78Cameron WakeDolphinsDE
50%
48Justin HoustonChiefsOLB
50%
56Malcolm ButlerPatriotsCB
50%
58Ryan ShazierSteelersILB
50%
93A.J. BouyeJaguarsCB
49%
84Lavonte DavidBucaneersOLB
48%
81Sean LeeCowboysOLB
47%
45Brandin CooksPatriotsWR
43%
74Jason Pierre-PaulGiantsDE
43%
100Casey HaywardChargersCB
42%
73David DeCastroSteelersOG
41%
68Eric WeddleRavensSS
40%
97Melvin IngramChargersOLB
40%
79C.J. MosleyRavensILB
39%
46Vic Beasley, Jr.FalconsOLB
39%
65Janoris JenkinsGiantsCB
38%
59Tyrann MathieuCardinalsFS
38%
99Jurrell CaseyTitansDT
37%
89Desmond TrufantFalconsCB
36%
85Everson GriffinVikingsDE
35%
63Kawann ShortPanthersDT
31%
95Cliff AvrilSeahawksDE
30%
37Kelechi OsemeleRaidersOG
29%
98Mike DanielsPackersDT
28%
83Jack ConklinTitansOT
24%
61Oliver VernonGiantsDE
24%

Score Distribution

Percentile by Number Answered

Percent of People with Each Score

Your Score History

You have not taken this quiz